| 000 | 00487 a2200169 4500 | ||
|---|---|---|---|
| 999 |
_c29788 _d29788 |
||
| 003 | NUST | ||
| 005 | 20180118123612.0 | ||
| 008 | 180118b xxu||||| |||| 00| 0 eng d | ||
| 020 | _a0340544406 | ||
| 020 | _a9780340544402 | ||
| 082 | _a512.02 | ||
| 100 | 1 |
_a Allenby,R. B. J. T. _98740 |
|
| 245 | 1 | 0 |
_aRings, fields and groups, an introduction to abstract algebra / _cR. B. J. T. Allenby. |
| 250 | _a2nd ed. | ||
| 260 |
_a[S.l.] : _bButterworth-Heinemann, _c1991. |
||
| 300 |
_a416 p. ; _c24 cm. |
||
| 700 |
_a Allenby,R. B. J. T. _98740 |
||
| 942 |
_aSNS _cBK _k512.02 ALL _2ddc |
||